000
00338nam a2200145Ia 4500
008
100122s9999 xx 000 0 und d
082
_b
34353
_a
823
100
_a
JHABVALA R P
245
_a
A NEW DOMINION
260
_b
JOHN MURRAY LTD
_c
1972
300
_a
218
630
_a
A NEW DOMINION
730
_a
A NEW DOMINION
942
_c
BOOK
999
_c
370741
_d
370738